| 000 | 01024cam a22002175a 4500 | ||
|---|---|---|---|
| 999 |
_c121168 _d121168 |
||
| 001 | K121168 | ||
| 008 | 070807s2009 xxk f 001 0 eng d | ||
| 035 | _a(Sirsi) u139757 | ||
| 041 | 0 | _aeng | |
| 050 | 0 | 4 | _a333.0062 $2 18 |
| 110 | 2 | _aRoyal Institution of Chartered Surveyors | |
| 245 | 0 | 0 | _aRoyal charter and bye-laws 1973 (amended 1975, 1977, 1978, 1980, 1981, 1985, 1986, 1988, 1990, 1993, 1995, 1998, 1999, 2000, 2002, 2003, 2006,2007 and 2008) |
| 260 |
_aLondon _bRICS _c2008 |
||
| 300 |
_a42p. _c30cm. |
||
| 520 | _aRICS Royal Charter and Bye-laws. Updated January 2009. Incorporates all amendments up to and including those allowed by the Privy Council on 5 November 2008. Supersedes 2007 edition. | ||
| 590 | _aKA | ||
| 651 | 4 | _aUnited Kingdom | |
| 690 | _aABOUT RICS-RICS STRUCTURE AND GOVERNANCE-RICS ROYAL CHARTER AND BYE-LAWS | ||
| 856 | 4 | 1 |
_uhttps://www.rics.org/globalassets/rics-website/media/about/rics-royal-charter-bye-laws.pdf _zView the item free of charge at www.rics.org... |
| 942 | _n0 | ||